Zákon č. 431/2002 Z. z. z 18. júna 2002 o účtovníctve...

Zákon č. 431/2002 Z. z. z 18. júna 2002 o účtovníctve v znení zákona č. 562/2003 Z. z., zákona č. 561/2004 Z. z., zákona č. 518/2005 Z. z. a zákona č. 688/2006 Z. z. Príloha k zákonu č. 431/2002 Z. z. v znení neskorších predpisov. Za zákonom nasleduje dôvodová správa k článku III zákona č. 688/2006...

Ausführliche Beschreibung

Gespeichert in:
Bibliographische Detailangaben
Format: Buchkapitel
Sprache:Slowakisch
Schlagworte:
Tags: Tag hinzufügen
Keine Tags, Fügen Sie das erste Tag hinzu!

MARC

LEADER 00000naa$a2200000$$$4500
001 0052740
005 20231106072911.1
041 0 |a slo 
044 |a SK 
245 1 0 |a Zákon č. 431/2002 Z. z. z 18. júna 2002 o účtovníctve... 
520 |a Zákon č. 431/2002 Z. z. z 18. júna 2002 o účtovníctve v znení zákona č. 562/2003 Z. z., zákona č. 561/2004 Z. z., zákona č. 518/2005 Z. z. a zákona č. 688/2006 Z. z. Príloha k zákonu č. 431/2002 Z. z. v znení neskorších predpisov. Za zákonom nasleduje dôvodová správa k článku III zákona č. 688/2006 Z. z. zo 6. decembra 2006, ktorým sa mení a dopĺňa zákon č. 431/2002 Z. z. o účtovníctve. 
610 2 0 |a Slovensko 
610 2 0 |a zákony 
610 2 0 |a účtovníctvo 
610 2 0 |a oceňovanie 
610 2 0 |a závierka účtovná 
610 2 0 |a knihy účtovné